|
|
|
|
| LEADER |
00000nam a2200000 a 4500 |
| 001 |
vtls001353195 |
| 003 |
SK-MaSNL |
| 005 |
20260301114852.0 |
| 008 |
251124s1923 DE 0 ger |
| 035 |
|
|
|a SNK000306604
|
| 040 |
|
|
|a SNK
|b slo
|c SNK
|e AACR2
|
| 041 |
0 |
|
|a ger
|
| 044 |
|
|
|a DE
|
| 100 |
1 |
|
|a Woermann, Karl
|4 aut
|9 458976
|
| 245 |
1 |
4 |
|a Die Kunst der neuesten Zeit
|b Auszug aus der Geschichte der Kunst aller Zeiten und Völker
|c Karl Woermann
|
| 260 |
|
|
|a Leipzig
|b Bibliographisches Institut
|c 1923
|
| 300 |
|
|
|a 159, [1] s., 4 s. fot. príl.
|c 8°
|
| 958 |
|
|
|a RK
|
| 999 |
|
|
|c 720060
|d 721990
|
| 952 |
|
|
|t P60, <04>, [BOOK], {604}
|a SNK
|b SNK
|y VYP
|7 0
|p 17A0419757
|o snkIC 113799
|i snkK 3722/89
|0 0
|1 0
|4 0
|d 1999-01-22
|l 0
|r 2005-01-02 00:00:00
|w 2026-02-23
|